Países con más Españoles - Estadísticas

Estadísticas generales
  • Esta prueba ha sido intentada 173 veces
  • La puntuación promedio es 13 de 15
Estadísticas de respuestas
Número de Españoles País % Correcto
183.277 Francia
99%
322.002 Argentina
97%
72.730 Estados Unidos
97%
105.916 Alemania
96%
77.069 México
96%
47.450.795 España
95%
60.368 Reino Unido
93%
27.241 Colombia
92%
33.725 Chile
90%
82.189 Brasil
88%
167.311 Venezuela
80%
90.142 Suiza
72%
54.544 Uruguay
72%
43.397 Bélgica
65%
52.638 Cuba
62%
No se encontraron pruebas coincidentes
Distribución de puntuación
Porcentaje de gente con cada puntuación
Porcentaje por número respondido
Historial de tus puntuaciones
No has intentado esta prueba.